000 00272nam a22001217a 4500
008 180209b xxu||||| |||| 00| 0 eng d
041 _aeng
080 _a51
100 _a36
101 _aMAT
245 _aMATHEMATICS COURSE LEVEL GOALS
_cJOHN.L..D
942 _2udc
_cBK
999 _c42236
_d42236